Представление документа в формате MARC21

Поле Инд. ПП Название Значение
Тип записи a
Библиографический уровень m
001 Контрольный номер da517444-1eb5-4b03-9f69-18432953f19e
005 Дата корректировки 20131112062837.9
008 Кодируемые данные 010315 d
020 a ISBN 5-06-003356-2
c Цена, тираж 34.00
040 a Служба первич. каталог. НБ ТвГУ
041 a Код языка текста rus
080 a Индекс УДК 82.0(075.8)
084 a Индекс другой классификации/Индекс ББК Ш40я731-1
090 c Каталожный индекс Ш40я731-1
x Авторский знак Х17
a Полочн. индекс Ш40
100 1_ a Автор Хализев Валентин Евгеньевич
245 0_ a Заглавие Теория литературы
b Продолж. заглавия Учеб. для студентов вузов
c Ответственность В.Е. Хализев
260 0_ a Место издания Москва
c Дата издания 1999
b Издательство Высшая школа
300 a Объем 397,[1] с.
504 a Библиография Имен., предм. указ.: с.374-398.
583 a Действие Получение впервые 628 19.11.99
k Исполнитель действия ООО "Книжный мир"
583 a Действие Приписка 693 24.12.99
k Исполнитель действия ЗАО "Книжный двор МГУ"
650 a Основная рубрика Литература
x Основная подрубрика Теория
x Основная подрубрика Учебники для вузов
650 a Основная рубрика Литературоведение
653 a Ключевые слова Литература
a Ключевые слова Литературоведение
a Ключевые слова Теория литературы
852 t Порядковый номер экземпляра 1
p Инвентарный номер 718538 31.50
888 a За счет средств филологического фак-та
a За счет средств университета
930 a Новая/Ретро учебники
952 p 628.99 34.00 1 716610
p 693.99 31.50 1 718538
p 693.99 31.50 1 718539
c Вид литературы К ру
954 a Дата поступления на обработку 19991126
999 a Подразделение 2 аб.